Find Out the Lyrics (Simon & Garfunkel) Quiz Stats

 Plays Quiz not verified by Sporcle

Score 0/184 Timer 08:00
1 Play Today
% Correct
a
95.3%
and
95.3%
and
95.3%
a
95.3%
a
95.3%
the
95.3%
the
95.3%
the
95.3%
the
95.3%
a
95.3%
a
95.3%
a
95.3%
the
95.3%
the
95.3%
and
95.3%
the
95.3%
and
95.3%
and
95.3%
the
95.3%
the
95.3%
to
85.9%
to
85.9%
to
85.9%
to
85.9%
to
85.9%
to
85.9%
to
85.9%
an
82.9%
an
82.9%
in
81.6%
in
81.6%
in
81.6%
in
81.6%
we
81.1%
we
81.1%
we
81.1%
We
81.1%
me
78.2%
me
78.2%
me
78.2%
be
77.7%
be
77.7%
is
77.7%
on
77.6%
on
77.6%
for
73.7%
for
73.7%
for
73.7%
for
73.7%
for
73.7%
so
72.5%
So
72.5%
her
70.2%
she
68.9%
she
68.9%
she
68.9%
It
68.6%
my
67.9%
my
67.9%
of
66.4%
was
59.4%
was
59.4%
% Correct
why
57.7%
all
56.2%
All
56.2%
All
56.2%
here
54.8%
us
54.4%
one
53.4%
one
53.4%
like
53.1%
look
53%
look
53%
look
53%
look
53%
look
53%
from
52.1%
as
51.2%
I'm
50.5%
I'm
50.5%
man
49.9%
our
49.7%
I
49.7%
I
49.7%
I
49.7%
I
49.7%
I
49.7%
I
49.7%
I
49.7%
got
49.1%
at
49.1%
know
49.1%
said
48.6%
said
48.6%
said
48.6%
his
48.6%
said
48.6%
Let
48.5%
don't
48.3%
I've
47.8%
I've
47.8%
some
47.7%
America
47.2%
America
47.2%
America
47.2%
America
47.2%
America
47.2%
with
45.9%
gone
45.2%
gone
45.2%
gone
45.2%
gone
45.2%
over
44.5%
real
43.8%
we'll
43.2%
now
40.3%
together
38.8%
lovers
37%
off
36.8%
spy
36.4%
camera
36.4%
think
36.4%
knew
36.4%
really
36.3%
% Correct
cigarette
35.9%
suit
35.2%
took
34.9%
careful
34.9%
bag
34.8%
Mrs.
34.3%
dream
33.9%
bus
33.7%
estate
33.6%
New
33.6%
bowtie
33.5%
though
32.9%
fortunes
32.5%
marry
32.4%
days
32%
there's
32%
last
31.3%
hour
31.2%
Kathy
31.1%
Kathy
31.1%
moon
30.4%
lost
30.4%
smoked
29.7%
sleeping
29.3%
ago
29.1%
pack
28.6%
raincoat
28.6%
seems
28.5%
games
28.5%
playing
28.2%
faces
28%
bought
27.9%
four
27.8%
They've
27.6%
read
27.4%
looked
26.9%
open
26.9%
cigarettes
26.8%
magazine
26.8%
greyhound
26%
hitchhike
26%
Jersey
25.9%
Turnpike
25.7%
Michigan
25.6%
boarded
25.5%
rose
25.1%
field
25.1%
laughing
24.9%
walked
24.7%
Pittsburgh
24.7%
aching
23.6%
Toss
23.3%
scenery
22.5%
cars
22.5%
empty
22.2%
pies
21.8%
Saginaw
21.7%
Counting
21.4%
Gabardine
21.2%
Wagner
20%

You're not logged in!

Compare scores with friends on all Sporcle quizzes.
OR
Log In

Show Comments

Extras

Top Quizzes Today


Score Distribution

Your Account Isn't Verified!

In order to create a playlist on Sporcle, you need to verify the email address you used during registration. Go to your Sporcle Settings to finish the process.

Report this User

Report this user for behavior that violates our Community Guidelines.

Details: